书目信息 |
| 题名: |
邓小平的思维艺术
|
|
| 作者: | 周毅之 著 | |
| 分册: | ||
| 出版信息: | 上海 上海人民出版社 1994.08 |
|
| 页数: | 282页 | |
| 开本: | 32开 | |
| 丛书名: | ||
| 单 册: | ||
| 中图分类: | A849.163 | |
| 科图分类: | ||
| 主题词: | 毛泽东著作--学习 , 毛泽东著作研究 | |
| 电子资源: | ||
| ISBN: | 7-208-01776-X | |
| 000 | 00591nam0 2200205 45 | |
| 001 | 0103021646 | |
| 005 | 20010302162049.9 | |
| 010 | @a7-208-01776-X@d12.00元 | |
| 100 | @a20010302d1994 km y0chiy0120 ea | |
| 101 | 0 | @achi |
| 105 | @a z 000yy | |
| 200 | 1 | @a邓小平的思维艺术@ADeng Xiao Ping De Si Wei Yi Shu@f周毅之著@FZhou Yi Zhi Zhu |
| 210 | @a上海@c上海人民出版社@d1994.08 | |
| 215 | @a282页@d32开 | |
| 606 | 0 | @a毛泽东著作@x学习 |
| 606 | 0 | @a毛泽东著作研究 |
| 690 | @aA849.163@v3 | |
| 701 | 0 | @a周毅之@4著 |
| 801 | @aCN@bPftUser@c20010302 | |
| 905 | @b325892-893@dA849.163@eZH981@f2 | |
| 邓小平的思维艺术/周毅之著.-上海:上海人民出版社,1994.08 |
| 282页;32开 |
| ISBN 7-208-01776-X:12.00元 |
| ● |
| 相关链接 |
|
|
|
正题名:邓小平的思维艺术
索取号:A849.163/ZH981
 
预约/预借
| 序号 | 登录号 | 条形码 | 馆藏地/架位号 | 状态 | 备注 |
| 1 | 325892 | 203258928 | 社科库509/509社科库 6排2列1层/ [索取号:A849.163/ZH981] | 在馆 | |
| 2 | 325893 | 203258937 | 社科库509/509社科库 6排2列1层/ [索取号:A849.163/ZH981] | 在馆 |